000 00679cam a2200241 4500500
005 20260405003059.0
041 _afre
042 _adc
100 1 0 _aPortevin, Catherine
_eauthor
245 0 0 _aLa vie ordinaire
260 _c2020.
500 _a9
690 _aAdèle Van Reeth
690 _aEmerson
690 _aExistence
690 _aMaternité
690 _aOrdinaire
690 _aPerfectionnisme moral
690 _aQuotidien
690 _aStanley Cavell
786 0 _nPhilosophie magazine | 140 | 7 | 2020-07-01 | p. 45-47 | 1951-1787
856 4 1 _uhttps://shs.cairn.info/magazine-philosophie-magazine-2020-7-page-45?lang=fr&redirect-ssocas=7080
999 _c2064251
_d2064251